Part of the union (Record no. 114553)

MARC details
000 -LEADER
fixed length control field 01339cad a22002055a 4500
001 - CONTROL NUMBER
control field L157036
008 - FIXED-LENGTH DATA ELEMENTS--GENERAL INFORMATION
fixed length control field 120816s2012 xxk f 000 0 eng d
035 ## - SYSTEM CONTROL NUMBER
System control number (Sirsi) u157036
041 0# - LANGUAGE CODE
Language code of text/sound track or separate title eng
110 2# - MAIN ENTRY--CORPORATE NAME
Corporate name or jurisdiction name as entry element Savills
9 (RLIN) 2020
245 00 - TITLE STATEMENT
Title Part of the union
Remainder of title Is the UK housing market becoming increasingly European?
Medium [electronic resource]
490 #0 - SERIES STATEMENT
Series statement Savills Residential Property Focus
Volume/sequential designation 3 QR 2012
520 ## - SUMMARY, ETC.
Summary, etc. Reviews international housing markets focusing on differences and similarities between the UK, Eurozone and United States. Provides statistical data on average house prices between 2004 and 2011, house price movements and owner-occupation as percentage of housing stock across a number of different markets. Outlines market forecasts for UK prime and mainstream for 2012-2016, looks at investment opportunities in prime London and the regions. Notes that new housing development in London is in short supply. Concludes with highlights from the English Housing Survey Households 2010-2011 (L156752) and Homes (L156755) reports.
590 ## - LOCAL NOTE (RLIN)
Local note KA NTK
651 #4 - SUBJECT ADDED ENTRY--GEOGRAPHIC NAME
Geographic name United Kingdom
Chronological subdivision
690 ## - LOCAL SUBJECT ADDED ENTRY--TOPICAL TERM (OCLC, RLIN)
Topical term or geographic name as entry element Residential property
9 (RLIN) 6266
690 ## - LOCAL SUBJECT ADDED ENTRY--TOPICAL TERM (OCLC, RLIN)
Topical term or geographic name as entry element Investments
9 (RLIN) 6250
856 40 - ELECTRONIC LOCATION AND ACCESS
Uniform Resource Identifier <a href="https://pdf.euro.savills.co.uk/residential-property-focus-uk/residential-property-focus-q3-2012.pdf">https://pdf.euro.savills.co.uk/residential-property-focus-uk/residential-property-focus-q3-2012.pdf</a>
Public note View the report at www.savills.co.uk
942 ## - ADDED ENTRY ELEMENTS (KOHA)
Suppress in OPAC 0
Holdings
Withdrawn status Lost status Source of classification or shelving scheme Damaged status Not for loan Home library Current library Shelving location Date acquired Total Checkouts Full call number Barcode Date last seen Copy number Price effective from Koha item type
    Dewey Decimal Classification     Virtual Virtual Online 16/08/2012   ONLINE PUBLICATION 157036-2001 06/08/2019 1 06/08/2019 Book